Cargando...

Methods in biotechnology /

Detalles Bibliográficos
Autor Principal: Ignacimuthu, S
Formato: Printed Book
Idioma:English
Publicado: New Delhi: Phoenix, 2001.
Subjects:
LEADER 00534nam a22001577a 4500
008 090104b xxu||||| |||| 00| 0 eng d
020 |a 8174840451 
082 |a 660.6 
100 |a Ignacimuthu, S 
245 |a Methods in biotechnology /  |c Ignacimuthu S. 
260 |a New Delhi:  |b Phoenix,  |c 2001. 
300 |c 23cm. 
650 |a Biotechnology. 
942 |2 ddc  |c BK 
999 |c 151817  |d 151817 
952 |0 0  |1 0  |4 0  |6 660_600000000000000_IGN_M  |7 0  |9 162270  |a BIO  |b BIO  |c ST1  |d 2018-08-23  |g 110.00  |i 1018  |l 0  |o 660.6 IGN/M  |p BIO1018  |r 2013-12-28  |v 110.00  |w 2018-08-10  |y BK